A turizmus, mint a kitörés eszköze, Délegyházán
| Szerző: | |
|---|---|
| További közreműködők: | |
| Dokumentumtípus: | Záródolgozat |
| Kulcsszavak: | Turizmus, Délegyháza Településfejlesztés Környezetgazdálkodás Turizmusfejlesztés Elemzés |
| Online Access: | http://dolgozattar.uni-bge.hu/59382 |
MARC
| LEADER | 00000nta a2200000 i 4500 | ||
|---|---|---|---|
| 001 | dolg59382 | ||
| 005 | 20260114095847.0 | ||
| 008 | 260114suuuu hu o 000 hun d | ||
| 040 | |a BGE Dolgozattár Repozitórium |b hun | ||
| 041 | |a hu | ||
| 100 | 1 | |a Sipos Vivien | |
| 245 | 1 | 2 | |a A turizmus, mint a kitörés eszköze, Délegyházán |c Sipos Vivien |h [elektronikus dokumentum] |
| 516 | |a Final_paper | ||
| 695 | |a Turizmus, Délegyháza | ||
| 695 | |a Településfejlesztés | ||
| 695 | |a Környezetgazdálkodás | ||
| 695 | |a Turizmusfejlesztés | ||
| 695 | |a Elemzés | ||
| 700 | 1 | |a Sipos Erika |e ths | |
| 856 | 4 | 0 | |u http://dolgozattar.uni-bge.hu/59382/1/Sipos-Vivien.pdf |z Dokumentum-elérés |